00463nam a22001571a 450000100060000000300040000600500170001000800410002705000220006810000170009024500720010726400500017930000080022950000250023765000430026211565OSt20260204212248.0130116s2012||||dr ||||||b||||||||||spa|| aRD 928.7293 N857r aNova, Manuel aRamon Morrero Aristy: El negro más caro de Trujillo / Manuel Nova aRepública Dominicana : Ideas Edificadas SRL a150 aIncluye bibliografia aMarrero Aristy, Ramon - BiografíaÌ